Detalles MARC
| 000 -LÍDER |
| Campo fijo de descripción fija |
01561aam a2200313 i 4500 |
| 001 - NÚMERO DE CONTROL |
| Campo de control |
768714001 |
| 003 - IDENTIFICADOR DEL NÚMERO DE CONTROL |
| Campo de control |
CO-MdFUSB |
| 005 - FECHA Y HORA DE LA ULTIMA TRANSACCIÓN |
| control field |
20240221125819.0 |
| 007 - CAMPO FIJO DE DESCRIPCIÓN FIJA--INFORMACIÓN GENERAL |
| Campo fijo de descripción fija |
ta |
| 008 - ELEMENTOS DE LONGITUD FIJA -- INFORMACIÓN GENERAL |
| Campo fijo de descripción fija -- Información general |
210916t1952 us d|||| |||| 00| 0 spa d |
| 020 ## - NÚMERO INTERNACIONAL NORMALIZADO PARA LIBROS |
| Número Internacional Normalizado del libro |
[No incluye ISBN] |
| 040 ## - FUENTE DE CATALOGACIÓN |
| Idioma de catalogación |
spa. |
| Agencia de catalogación original |
CO-MdFUSB |
| Agencia que realiza la transcripción |
CO-MdFUSB |
| Agencia que realiza la modificación |
CO-MdFUSBC |
| Convenciones de la descripción |
rda |
| 041 ## - CÓDIGO DE IDIOMA |
| Código de idioma para texto/pista de sonido o título separado |
spa |
| 082 04 - NÚMERO DE CLASIFICACIÓN DECIMAL DEWEY |
| Número de clasificación |
246.7 |
| Número de la edición del Dewey |
23 |
| Clave de autor-Numero de item |
W3626n |
| 245 13 - TÍTULO |
| Título del Material |
La navidad : |
| Parte restante del título - Subtitulo |
una colección de diálogos, cuadros, recitaciones y cantos propios para programas de navidad |
| Mención de responsabilidad, etc. |
/ compilado por Lillie Mae Weatherford de Ruiz, |
| 264 #1 - PRODUCCIÓN, PUBLICACIÓN, DISTRIBUCIÓN, MANUFACTURA, Y COPYRIGHT |
| Lugar de producción, publicación, distribución, manufactura |
El Paso, TX., USA : |
| Nombre del productor, publicador, distribuidor |
Casa Bautista de Publicaciones, |
| Fecha de producción, publicación, distribución, manufactura, o copyright |
[1952] |
| 264 #4 - PRODUCCIÓN, PUBLICACIÓN, DISTRIBUCIÓN, MANUFACTURA, Y COPYRIGHT |
| Fecha de producción, publicación, distribución, manufactura, o copyright |
©1952 |
| 300 ## - DESCRIPCIÓN FÍSICA |
| Extensión |
143 Páginas |
| Dimensiones |
; 20 cm |
| 336 ## - TIPO DE CONTENIDO |
| Fuente |
rdacontent |
| Término de tipo de contenido |
texto |
| Código de tipo de contenido |
txt |
| 337 ## - TIPO DE MEDIO |
| Fuente |
rdamedia |
| Nombre del tipo de medio |
sin mediación |
| Código del tipo de medio |
n |
| 338 ## - TIPO DE SOPORTE |
| Fuente |
rdacarrier |
| Nombre del tipo de soporte |
volumen |
| Código Tipo de soporte |
nc |
| 505 ## - NOTA DE CONTENIDO |
| Título |
Himno "noche de paz", para la congregación. -- Invocación por el pastor de la iglesia. -- Lectura Bíblica. Isaías 11: 1-9, Lucas 2:1-17 y Mateo 2:1-12. -- Canto, por el coro de la iglesia. -- "Nacimiento de Jesús". Recitación. -- "Navidad de una Cieguecita" , cuadro por varios niños. -- "Estrellas de navidad", por varias niñas. -- ¿Cómo le llamaremos?, por varios niños. -- "Cristo ha venido", cuadro por varios jovencitos. --Canto por el coro de la iglesia. -- Una palabra de cortesía. -- Reparto de obsequios a los niños pobres. -- Bendición. |
| 563 ## - NOTA DE ENCUADERNACIÓN |
| Nota de encuadernación |
Tapa dura |
| 653 ## - TÉRMINO DE INDIZACIÓN - NO CONTROLADO |
| Término no controlado |
Poesía religiosa |
| 653 ## - TÉRMINO DE INDIZACIÓN - NO CONTROLADO |
| Término no controlado |
Drama Cristiano |
| 700 ## - ASIENTO SECUNDARIO - NOMBRE PERSONAL |
| 9 (RLIN) |
5614 |
| Nombre personal |
Weatherford de Ruiz, Lillie Mae, |
| Responsabilidad |
compilador |
| 942 ## - TIPO DE MATERIAL (KOHA) |
| Tipo de Item KOHA |
Libros General |
| 945 ## - INFORMACIÓN LOCAL DEL REGISTRO |
| Catalogador |
JTF-925 |